50 municípios mais populosos do Pará - Statistics

Estatísticas Gerais
  • Esse quiz foi jogado 49 vezes
  • A pontuação média é 23 de 50
Estatísticas das Respostas
# População Letra Cidade % Correto
1 1.303.389 B Belém
100%
2 478.778 A Ananindeua
97%
3 331.937 S Santarém
90%
4 266.536 M Marabá
86%
15 105.538 P Paragominas
83%
6 192.262 C Castanhal
79%
10 126.279 A Altamira
76%
26 65.418 S São Félix do Xingu
76%
8 134.184 C Cametá
72%
13 110.515 M Marituba
72%
7 158.188 A Abaetetuba
69%
5 266.424 P Parauapebas
69%
9 126.650 B Barcarena
66%
21 72.493 T Tailândia
66%
12 123.082 B Bragança
62%
46 44.772 S Salinópolis
62%
14 106.968 B Breves
59%
16 91.306 T Tucuruí
59%
24 68.294 O Oriximiná
52%
11 123.312 I Itaituba
48%
17 85.597 R Redenção
45%
44 45.712 B Breu Branco
41%
18 83.039 M Moju
41%
20 73.019 S Santa Izabel do Pará
41%
32 58.692 V Viseu
41%
38 52.893 X Xinguara
41%
28 63.567 B Benevides
38%
19 77.079 C Canaã dos Carajás
38%
42 50.832 V Vigia
38%
27 64.831 I Igarapé-Miri
34%
30 60.732 N Novo Repartimento
34%
25 67.305 T Tomé-Açu
34%
23 69.377 A Alenquer
31%
22 70.394 C Capanema
31%
39 52.229 O Óbidos
31%
34 57.385 A Acará
28%
40 51.641 B Baião
24%
35 56.332 C Capitão Poço
24%
47 44.617 C Conceição do Araguaia
24%
41 50.881 J Juruti
24%
31 60.016 M Monte Alegre
24%
50 41.097 P Pacajá
24%
29 62.445 P Portel
24%
49 43.558 U Uruará
24%
33 58.484 D Dom Eliseu
21%
43 49.752 I Itupiranga
21%
48 44.573 A Augusto Corrêa
17%
45 45.368 M Muaná
17%
37 52.895 S São Miguel do Guamá
17%
36 53.143 R Rondon do Pará
10%
Nenhum quiz correspondente encontrado
Distribuição das Pontuações
Porcentagem de Pessoas com Cada Pontuação
Percentil de Números Respondidos
Sua Pontuação Histórica
Você não jogou esse quiz